| 000 | 00452nam a2200157Ia 4500 | ||
|---|---|---|---|
| 008 | 190912s9999 xx 000 0 und d | ||
| 100 | _aKabiling, Genalyn | ||
| 245 | _aDuterte says CIA in plot to assassinate him/ | ||
| 245 | _cGenalyn Kabiling | ||
| 260 | _bManila Bulletin | ||
| 260 | _c2018 | ||
| 300 | _aAugust 23 | ||
| 440 | _aManila Bulletin | ||
| 650 | _aPolitics -- Philippines | ||
| 650 | _aRodrigo Duterte -- President -- Philippines | ||
| 999 |
_c362105 _d362105 |
||